000 00328nam a2200133Ia 4500
005 20260326235459.0
008 260326s9999||||xx |||||||||||||| ||und||
100 _aArnell, Peter
245 0 _aAldo Rossi :
_b Building and projects /
_cPeter Arnell
260 _bRizzoli
300 _a319 p.
650 _aARQUITECTOS
942 _cBK
999 _c8018
_d8018